|
|
|
|
| LEADER |
01302nam a2200253u 4500 |
| 001 |
c000162800 |
| 003 |
CARM |
| 005 |
20020827094715.0 |
| 008 |
721107s1971 wau 001 0 eng c |
| 019 |
1 |
|
|a 734205
|z 24029785
|5 LACONCORD2021
|
| 035 |
|
|
|a (OCoLC)487920
|5 LACONCORD2021
|
| 040 |
|
|
|a VU
|b eng
|d m.c.
|d CStRLIN
|
| 100 |
1 |
0 |
|a Sweeney, Leo J.
|
| 245 |
1 |
0 |
|a Republic of India :
|b a study of the educational system of India and guide to the academic placement of students from India in United States educational institutions, 1970 /
|c [by] Leo J. Sweeney.
|
| 260 |
|
|
|a [Washington :
|b International Education Activities Group of the American Association of Collegiate Registrars and Admissions Officers, 1971]
|
| 300 |
|
|
|a v, 383 p. :
|b illus. ;
|c 23 cm.
|
| 490 |
0 |
|
|a World education series.
|
| 500 |
|
|
|a "Placement recommendations approved by the Council on Evaluation of Foreign Student Credentials, July 30-31, l970."
|
| 504 |
|
|
|a Bibliography: p. 130-134.
|
| 650 |
|
0 |
|a School management and organization
|z India.
|
| 650 |
|
0 |
|a Education
|z India
|x Directories.
|
| 852 |
8 |
|
|b CARM
|h A2:AJ35B0
|i B04979
|p 0215977
|f BK
|
| 999 |
f |
f |
|i 3d3d7d7e-f086-59af-b3a8-bd6c4290846f
|s e2c82e94-1fb0-5c35-b3c5-8d9ffc9efa4a
|
| 952 |
f |
f |
|p Can circulate
|a CAVAL
|b CAVAL
|c CAVAL
|d CARM 1 Store
|e B04979
|f A2:AJ35B0
|h Other scheme
|i book
|m 0215977
|